María de la Soledad y otras narraciones
Bewaard in:
| Hoofdauteur: | |
|---|---|
| Formaat: | Boek |
| Taal: | Undetermined |
| Gepubliceerd in: |
San José, Costa Rica
Editorial Trejos
1967
|
| Editie: | Primera edición |
| Onderwerpen: | |
| Tags: |
Voeg label toe
Geen labels, Wees de eerste die dit record labelt!
|
MARC
| LEADER | 00000nam a2200000Ia 4500 | ||
|---|---|---|---|
| 008 | 170316s9999 xx 000 0 und d | ||
| 040 | |a cru BVZT | ||
| 090 | |a 868 G-16m | ||
| 100 | |a González Feo, Mario |9 2402 | ||
| 245 | |a María de la Soledad y otras narraciones |c / Mario González Feo; Luisa González Feo de Sáenz, ilustradora | ||
| 250 | |a Primera edición | ||
| 260 | |a San José, Costa Rica | ||
| 260 | |b Editorial Trejos | ||
| 260 | |c 1967 | ||
| 300 | |a 238 páginas | ||
| 650 | |a LITERATURA COSTARRICENSE |9 17 | ||
| 942 | |c 15 D |h 868 G-16m |2 z |6 868_G16M | ||
| 999 | |c 11080 |d 11080 | ||
